| 000 | 00446nam a22001577a 4500 | ||
|---|---|---|---|
| 005 | 20250313112448.0 | ||
| 008 | 250313b |||||||| |||| 00| 0 eng d | ||
| 020 | _a9780333792995 | ||
| 050 |
_aHD62 _b.5 CHA |
||
| 100 | _aChaston, Ian | ||
| 245 |
_aEntrepreneurial marketing; _bcompeting by challenging convention |
||
| 260 |
_aLondon _bMacmillan Press Ltd _cc2000 |
||
| 300 |
_avii, 255p; _bill.; |
||
| 500 | _aincludes index | ||
| 942 |
_2lcc _cBK _n0 |
||
| 999 |
_c4749 _d4749 |
||